000 01118nam a22002297a 4500
999 _c18085
_d18085
005 20251125232903.0
008 s2528 th tha d
040 _aNALT
041 _atha
245 1 0 _aประมวลระเบียบราชการ คำสั่ง และข้อบังคับ
260 3 _aกรุงเทพฯ :
_bกรมบังคับคดี กระทรวงยุติธรรม,
_c2528
300 _a306 หน้า ;
_b 26 ซม.
650 0 4 _aการบังคับคดี -- กฎหมายและระเบียบข้อบังคับ
650 0 4 _aการบังคับคดี -- รวมเรื่อง
650 0 4 _aการบังคับคดี -- ไทย
650 0 4 _aล้มละลาย -- กฎหมายและระเบียบข้อบังคับ
850 _aNALT
856 4 0 _uhttps://hdl.handle.net/20.500.14156/427047
942 _cLB
_2lcc
998 _j25
_k นีลวัสน์ อินทรักษา
090 _aKU12 บ247ป 2528